000 00270nam a2200121 i 4500
001 bg
245 0 _aPolsko-cesky technickoekonomicky slownik.
260 _aPraha,
_c1978.
040 _cBPK
041 _apol
942 _cKS
008 s pl f |000 0 pol
999 _c17822
_d17822
856 _uhttp://koha.tu.koszalin.pl/cgi-bin/koha/opac-detail.pl?biblionumber=17822
_yKatalog online BPK